Computer Networks (Record no. 34449)
[ view plain ]
| 000 -LEADER | |
|---|---|
| fixed length control field | 00326nam a22001457a 4500 |
| 003 - CONTROL NUMBER IDENTIFIER | |
| control field | OSt |
| 005 - DATE AND TIME OF LATEST TRANSACTION | |
| control field | 20220406114522.0 |
| 008 - FIXED-LENGTH DATA ELEMENTS--GENERAL INFORMATION | |
| fixed length control field | 220406b |||||||| |||| 00| 0 eng d |
| 020 ## - INTERNATIONAL STANDARD BOOK NUMBER | |
| International Standard Book Number | 0130384887 |
| 040 ## - CATALOGING SOURCE | |
| Transcribing agency | HU |
| 082 ## - DEWEY DECIMAL CLASSIFICATION NUMBER | |
| Edition number | 4th |
| 100 ## - MAIN ENTRY--PERSONAL NAME | |
| Personal name | Tanenbaum S. Andrew |
| 9 (RLIN) | 24477 |
| 245 ## - TITLE STATEMENT | |
| Title | Computer Networks |
| 942 ## - ADDED ENTRY ELEMENTS (KOHA) | |
| Source of classification or shelving scheme | Dewey Decimal Classification |
| Koha item type | Books like text book referance book |
| Suppress in OPAC | No |
| Withdrawn status | Lost status | Source of classification or shelving scheme | Damaged status | Not for loan | Home library | Current library | Shelving location | Date acquired | Total Checkouts | Full call number | Barcode | Date last seen | Copy number | Price effective from | Koha item type |
|---|---|---|---|---|---|---|---|---|---|---|---|---|---|---|---|
| Dewey Decimal Classification | IoT Library | IoT Library | General Stacks | 04/06/2022 | 004.6 /TAN / 2003 | IOTL0020425 | 04/06/2022 | 10 | 04/06/2022 | Books like text book referance book | |||||
| Dewey Decimal Classification | IoT Library | IoT Library | General Stacks | 04/06/2022 | 004.6 /TAN / 2003 | IOTL0020426 | 04/06/2022 | 11 | 04/06/2022 | Books like text book referance book | |||||
| Dewey Decimal Classification | IoT Library | IoT Library | General Stacks | 04/06/2022 | 004.6 /TAN / 2003 | IOTL0020427 | 04/06/2022 | 12 | 04/06/2022 | Books like text book referance book | |||||
| Dewey Decimal Classification | IoT Library | IoT Library | General Stacks | 04/06/2022 | 004.6 /TAN / 2003 | IOTL0020428 | 04/06/2022 | 13 | 04/06/2022 | Books like text book referance book | |||||
| Dewey Decimal Classification | IoT Library | IoT Library | General Stacks | 04/06/2022 | 004.6 /TAN / 2003 | IOTL0020429 | 04/06/2022 | 14 | 04/06/2022 | Books like text book referance book | |||||
| Dewey Decimal Classification | IoT Library | IoT Library | General Stacks | 04/06/2022 | 004.6 /TAN / 2003 | IOTL0020430 | 04/06/2022 | 15 | 04/06/2022 | Books like text book referance book | |||||
| Dewey Decimal Classification | IoT Library | IoT Library | General Stacks | 04/06/2022 | 004.6 /TAN / 2003 | IOTL0020431 | 04/06/2022 | 16 | 04/06/2022 | Books like text book referance book | |||||
| Dewey Decimal Classification | IoT Library | IoT Library | General Stacks | 04/06/2022 | 004.6 /TAN / 2003 | IOTL0020432 | 04/06/2022 | 17 | 04/06/2022 | Books like text book referance book | |||||
| Dewey Decimal Classification | IoT Library | IoT Library | General Stacks | 04/06/2022 | 004.6 /TAN / 2003 | IOTL0020433 | 04/06/2022 | 18 | 04/06/2022 | Books like text book referance book | |||||
| Dewey Decimal Classification | IoT Library | IoT Library | General Stacks | 04/06/2022 | 004.6 /TAN / 2003 | IOTL0020434 | 04/06/2022 | 19 | 04/06/2022 | Books like text book referance book | |||||
| Dewey Decimal Classification | IoT Library | IoT Library | General Stacks | 11/30/2022 | 004.6/TAN/2003 | IOTL0021824 | 11/30/2022 | 20 | 11/30/2022 | Books like text book referance book |